000 00441nam a2200193Ia 4500
005 20240823035327.0
008 240823s9999||||xx |||||||||||||| ||und||
020 _a978-0-00-7272565-5
041 _aENGLISH
082 _A813.54 n4
100 _aRichard Bach
245 0 _aRunning from Safety
250 _a1st
260 _c1997
_b"Thorsons,London"
500 _aYES
650 _aRunning
_bGeneral
942 _cBK
999 _c200418
_d200418